000 00636nam a22002297a 4500
003 OSt
005 20170120184140.0
008 161208b xxu||||| |||| 00| 0 eng d
020 _a9780443068959
040 _cDNLM.
082 _aWU480R313p 2008.
100 _aHeasman,Peter;
_911369
245 _aMaster Dentistry:
_bRestorative Dentistry,Paediatric Dentistry and Orthodontics;
250 _a2nd ed.
260 _aLondon.
_bChurchill,
_c2008.
300 _axi,359p;
_bcol,ill;
_c27cm.
504 _aincludes index.
650 _aDental
_93762
650 _aPaediatrics
_93350
650 _aOrthodontics
_95257
942 _2z
_cO_SHELF
999 _c5441
_d5441